000 00794cam a2200229 i 4500
005 20180803165225.0
008 710615s1971 njuab b 000 0 eng
020 _a0137594151
040 _aDLC
_cDLC
_dDLC
_dCO-BoIAVH
041 _aeng
082 0 4 _a577.88
_bR28r
245 1 0 _aReadings in population biology /
_cEditors: Peter S. Dawson [and] Charles E. King.
260 _aEnglewood Cliffs, N.J. :
_bPrentice-Hall,
_c1971.
300 _a934 páginas ;
_bilustraciones y mapas ;
_c25 cm.
490 0 0 _aBiological science series
650 1 4 _aGenética de población
650 2 4 _aBioología de población
650 2 4 _aEcología
700 1 _aKing, Charles Everett,
_d1934-
_eEditor.
700 1 _aDawson, Peter S.,
_d1939-
_eEditor.
942 _2ddc
_cLIBRO
999 _c4829
_d4829